Statistics for Jay-Z Charting Songs (Billboard Hot 100)

Click here to take the quiz!

General Stats

  • This quiz has been taken 15 times
    (2 since last reset)
  • The average score is 11 of 104

Answer Stats

AlbumWeeks OnPeakArtist(s)Song% Correct
The Black Album12 Weeks#30Jay-Z99 Problems
100%
Good Girl Gone Bad33 Weeks#1 (7 Weeks)Rihanna ft. Jay-ZUmbrella
100%
Magna Carta... Holy Grail27 Weeks#4Jay-Z ft. Justin TimberlakeHoly Grail
100%
The Blueprint 330 Weeks#1 (5 Weeks)Jay-Z ft. Alicia KeysEmpire State of Mind
100%
Watch The Throne36 Weeks#5Jay-Z & Kanye WestNiggas in Paris
100%
Magna Carta... Holy Grail1 Week#91Jay-ZPicasso Baby
50%
Watch The Throne5 Weeks#72Jay-Z & Kanye West ft. Frank OceanNo Church in the Wild
50%
Vol. 2... Hard Knock Life22 Weeks#15Jay-ZHard Knock Life (Ghetto Anthem)
50%
Cruel Summer22 Weeks#12Kanye West, Jay-Z & Big SeanClique
50%
Magna Carta... Holy Grail1 Week#83Jay-Z ft. Frank OceanOceans
50%
Talk That Talk20 Weeks#31Rihanna ft. Jay-ZTalk That Talk
50%
4:442 Weeks#35Jay-Z4:44
50%
The Black Album26 Weeks#5Jay-ZDirt Off Your Shoulder
50%
The Blueprint 2: The Gift & The Curse23 Weeks#4Jay-Z ft. Beyonce'03 Bonnie & Clyde
50%
Dangerously in Love27 Weeks#1 (8 Weeks)Beyonce ft. Jay-ZCrazy in Love
50%
The 20/20 Experience26 Weeks#3Justin Timberlake ft. Jay-ZSuit & Tie
50%
Collision Course20 Weeks#20Jay-Z/Linkin ParkNumb / Encore
50%
The Blueprint9 Weeks#66Jay-ZJigga
0%
The Truth8 Weeks#55Jay-ZAnything
0%
Grateful14 Weeks#57DJ Khaled ft. Beyonce & Jay-ZShining
0%
Vol. 3... Life and Times of S. Carter9 Weeks#65Jay-Z ft. Beanie Sigel & AmilDo It Again (Put Ya Hands Up)
0%
Nothing Was The Same10 Weeks#65Drake ft. Jay-ZPound Cake / Paris Morton Music 2
0%
All Day, All Night and Space Jam12 Weeks#65Changing Faces ft. Jay-ZAll Of My Days
0%
Magna Carta... Holy Grail9 Weeks#64Jay-Z ft. Rick RossFuckwithmeyouknowigotit
0%
4:441 Week#63Jay-Z ft. Frank OceanCaught Their Eyes
0%
American Gangster7 Weeks#63Jay-ZRoc Boys (and the Winner Is)...
0%
Thug Motivation 103: Hustlerz Ambition15 Weeks#61Young Jeezy ft. Jay-Z & Andre 3000I Do
0%
American Gangster5 Weeks#55Jay-ZBlue Magic
0%
4:441 Week#56Jay-Z ft. Gloria CarterSmile
0%
4:441 Week#55Jay-ZKill Jay-Z
0%
Kingdom Come8 Weeks#58Jay-Z ft. Chrisette MicheleLost One
0%
Streets Is Watching Soundtrack12 Weeks#61Memphis Bleek & Jay-ZIt's Alright
0%
B'Day18 Weeks#59Beyonce ft. Jay-ZUpgrade U
0%
Tha Carter III17 Weeks#62Lil Wayne ft. Jay-ZMr. Carter
0%
Magna Carta... Holy Grail16 Weeks#77Jay-Z ft. BeyoncePart II (On The Run)
0%
The Understanding13 Weeks#68Memphis Bleek ft. Jay-Z & Missy ElliottIs That Your Chick
0%
The Dynasty: Roc La Familia14 Weeks#86Jay-Z, Beanie Sigel & Memphis BleekChange the Game
0%
Baptism1 Week#98Lenny Kravitz ft. Jay-ZStorm
0%
Kingdom Come1 Week#98Jay-ZKingdom Come
0%
Philadelphia Freeway2 Weeks#97Freeway ft. Jay-Z & Beanie SigelWhat We Do
0%
In My Lifetime, Vol. 12 Weeks#95Jay-Z ft. Babyface & Foxy BrownSunshine
0%
The Lion King: The Gift1 Week#90Beyonce, Jay-Z & Childish Gambino ft. Oumou SangareMOOD 4 EVA
0%
4:441 Week#90Jay-ZMarcy Me
0%
4:441 Week#86Jay-ZMoonlight
0%
Mastermind1 Week#86Rick Ross ft. Jay-ZThe Devil is a Lie
0%
Streets is Watching Soundtrack3 Weeks#86Rell ft. Jay-ZLove For Free
0%
Seen It All2 Weeks#85Jeezy ft. Jay-ZSeen It All
0%
Watch The Throne11 Weeks#69Jay-Z & Kanye WestGotta Have It
0%
Vol 2... Hard Knock Life3 Weeks#84Jay-Z ft. Big JazJigga What...
0%
Sprung Soundtrack4 Weeks#84Jay-ZWho You Wit
0%
The Dynasty: Roc La Familia8 Weeks#82Jay-Z ft. R. KellyGuilty Until Proven Innocent
0%
The Best of Both Worlds8 Weeks#81R. Kelly & Jay-ZTake You Home With Me a.k.a. Body
0%
The Fix8 Weeks#79Scarface ft. Jay-Z & Beanie SigelGuess Who's Back
0%
Reasonable Doubt9 Weeks#79Jay-ZFeelin' It
0%
In My Lifetime, Vol. 120 Weeks#52Jay-Z ft. BLACKstreetThe City is Mine
0%
Nutty Professor II: The Klumps soundtrack15 Weeks#76Jay-Z ft. Memphis Bleek & AmilHey Papi
0%
Reasonable Doubt14 Weeks#73Jay-ZCan't Knock the Hustle
0%
Vol. 3... Life and Times of S. Carter13 Weeks#52Jay-ZGirls' Best Friend
0%
Prospekt's March5 Weeks#40Coldplay with Jay-ZLost!
0%
Life in 147220 Weeks#52JD ft. Jay-ZMoney Ain't a Thang
0%
Kingdom Come15 Weeks#8Jay-ZShow Me What You Got
0%
Hope For Haiti Now2 Weeks#16Jay-Z, Bono, The Edge & RihannaStranded (Haiti Mon Amour)
0%
Views20 Weeks#16Drake ft. Jay-Z & Kanye WestPop Style
0%
Watch The Throne20 Weeks#12Jay-Z & Kanye West ft. Otis ReddingOtis
0%
The Dynasty: Roc la Familia21 Weeks#11Jay-ZI Just Wanna Love U (Give It 2 Me)
0%
Donda3 Weeks#10Kanye West ft. Jay-ZJail
0%
Certified Lover Boy5 Weeks#10Drake ft. Jay-ZLove All
0%
The Black Album18 Weeks#10Jay-ZChange Clothes
0%
The Blueprint 325 Weeks#10Jay-Z + Mr HudsonYoung Forever
0%
The Blueprint 2: The Gift & The Curse19 Weeks#8Jay-ZExcuse Me Miss
0%
Vol. 3... Life and Times of S. Carter20 Weeks#18Jay-Z ft. UGKBig Pimpin'
0%
The Blueprint20 Weeks#8Jay-ZIzzo (H.O.V.A.)
0%
Ill Na Na20 Weeks#7Foxy Brown ft. Jay-ZI'll Be
0%
TP-2.com21 Weeks#6R. Kelly ft. Jay-ZFiesta
0%
Paper Trail20 Weeks#5Jay-Z & T.I. ft. Kanye West & Lil WayneSwagga Like Us
0%
The Neptunes Presents Clones23 Weeks#5Pharrell ft. Jay-ZFrontin'
0%
B'Day17 Weeks#4Beyonce ft. Jay-ZDeja Vu
0%
BEYONCE20 Weeks#2Beyonce ft. Jay-ZDrunk in Love
0%
The Blueprint 323 Weeks#2Jay-Z, Rihanna & Kanye WestRun This Town
0%
Rainbow20 Weeks#1 (2 Weeks)Mariah Carey ft. Jay-ZHeartbreaker
0%
The Blueprint17 Weeks#17Jay-ZGirls, Girls, Girls
0%
My Beautiful Dark Twisted Fantasy10 Weeks#18Kanye West ft. Jay-Z, Rick Ross, Bon Iver & Nicki MinajMonster
0%
4:441 Week#51Jay-Z ft. BeyonceFamily Feud
0%
Khaled Khaled1 Week#30DJ Khaled ft. Jay-Z, Nas & James FauntleroySorry Not Sorry
0%
Judas and the Black Messiah: The Inspired Album1 Week#51Nipsey Hussle & JAY ZWhat It Feels Like
0%
Reasonable Doubt20 Weeks#50Jay-Z ft. Foxxy BrownAin't No Nigga / Dead Presidents
0%
4:441 Week#47Jay-Z ft. Damien 'Jr Gong' MarleyBam
0%
Watch The Throne2 Weeks#44Jay-Z & Kanye WestWho Gon Stop Me
0%
Unfinished Business9 Weeks#39R. Kelly & Jay-ZBig Chips
0%
Magna Carta... Holy Grail20 Weeks#39Jay-ZTom Ford
0%
The Blueprint 314 Weeks#37Jay-Z + Swizz BeatzOn To The Next One
0%
Beware12 Weeks#33Panjabi MC ft. Jay-ZBeware of the Boys (Mundian To Bach Ke)
0%
Major Key17 Weeks#30DJ Khaled ft. Jay-Z & FutureI Got The Keys
0%
Vol. 2... Hard Knock Life and Rush Hour Soundtrack37 Weeks#19Jay-Z ft. Amil & JaCan I Get A...
0%
Vol. 3... Life and Times of S. Carter20 Weeks#28Jay-ZJigga My Nigga
0%
Non-Album Single20 Weeks#27Fat Joe, Remy Ma & Jay-Z ft. French Montana & InfraredAll The Way Up
0%
The Blueprint 37 Weeks#24Jay-ZD.O.A. (Death of Auto-Tune)
0%
4:443 Weeks#23Jay-ZThe Story of O.J.
0%
Watch The Throne7 Weeks#23Jay-Z & Kanye WestH*A*M
0%
Father of Asahd7 Weeks#22DJ Khaled ft. Future, Jay-Z & BeyonceTop Off
0%
Versus16 Weeks#21Usher ft. Jay-ZHot Tottie
0%
Championships2 Weeks#20Meek Mill ft. Rick Ross & Jay-ZWhat's Free
0%
Scorpion3 Weeks#20Drake ft. Jay-ZTalk Up
0%
Magna Carta... Holy Grail1 Week#100Jay-ZCrown
0%

Score Distribution

Percentile by Number Answered

Percent of People with Each Score

Your Score History

You have not taken this quiz since the last reset